| 000 | 00776cam a2200265 i 4500 | ||
|---|---|---|---|
| 999 |
_c8320 _d8320 |
||
| 001 | 8320 | ||
| 003 | BD-JhCC | ||
| 005 | 20180222094055.0 | ||
| 008 | 761105s1975 enkabdf 001 0 eng | ||
| 020 |
_a0340050624 : _c£6.50. _a0340049448 |
||
| 035 | _a(BD-JhCC)8320 | ||
| 040 |
_aDLC _cDLC _dDLC _dBD-JhCC |
||
| 041 | _aeng | ||
| 050 | 0 | 0 |
_aGB54.5 _b.M66 1975 |
| 082 | 0 | 0 |
_a551 _bMON 1975 |
| 100 | 1 | _aMonkhouse, Francis John. | |
| 245 | 1 | 0 |
_aPrinciples of physical geography / _c[by] F. J. Monkhouse. |
| 250 | _a8th ed. | ||
| 260 |
_aLondon : _bHodder and Stoughton, _c1975. |
||
| 300 |
_aix, 570 p., leaf of plate, [56] p. of plates : _bill., charts, maps ; _c22 cm. |
||
| 500 | _aIncludes index. | ||
| 650 | 0 | _aPhysical geography. | |
| 942 |
_2ddc _cBK |
||